000 01537pam a2200445 a 4500
001 120585
005 20230410121201.0
008 090615s2009 onc b 001 0 eng
016 _a20099035855
020 _a9780143173816 :
_c$20.00
035 _a(CaOOAMICUS)000034994068
040 _aCaOONL
_beng
_cCaOONL
050 1 4 _aJZ 1318
_bS256c 2009
082 0 0 _a303.48/2
100 1 _aSaul, John Ralston,
_d1947-
245 1 4 _aThe collapse of globalism :
_band the reinvention of the world /
_cJohn Ralston Saul.
260 _aToronto :
_bPenguin Canada,
_c2009.
300 _a335 p. ;
_c21 cm.
500 _aOn cover: New chapter on the economic crisis.
504 _aIncludes bibliographical references and index.
650 0 _aGlobalization.
650 0 _aGeopolitics.
650 0 _aWorld politics
_y1989-
650 0 _aNationalism.
650 0 _aSovereignty.
650 4 _aGlobalización.
650 4 _aPolítica mundial
_y1989-
650 4 _aCrisis económica.
650 4 _a20150900
650 6 _aMondialisation.
650 6 _aRelations économiques internationales.
650 6 _aNationalisme.
850 1 _mJZ1318 S28 2009
851 _xNL Stacks
_mJZ1318 S28 2009
_qLAC copy: Paperback.
_A1 85732
_B16211929
_F33286543232504
_SJZ 1318 S28 2009 /S
851 _xPreserv - off site (HD-CSF)
_mB-124871
_nCopy 2
_qLAC copy: Paperback.
_A0 8273P
_B16211930
_F33286543232603
_SB000124871
900 1 _d1947-
942 _2lcc
_cbk
990 1 0 _a90001ad
_b10001ad
946 _aJaaM
999 _c59642
_d59642